00633nam a2200169 a 4500008004100000050001500041100002300056245003300079246006000112250001200172260003200184300001400216350000900230995008400239999001700323952012300340120416s1971 ||||||||||||||||| || u aHM 263 Han aStephenson, Howard10aHandbook of public relations athe standard guide to public affairs and communications a2nd ed. aNew YorkbMcGraw-Hillc1971 axx, 836p. a0.00 D0.00FCBU-MAIN LIBRARY (Kitwe)H1I0.00UAVAILABLEZAnnex Low-Usage Collection  c45315d45315 00102lcc4070a001b001cAnnex Low-Usage Collection d2022-11-30l0oHM 263 Hanp008872r2022-11-30w2022-11-30y002